<?xml version="1.0" encoding="UTF-8"?>
<record
    xmlns:xsi="http://www.w3.org/2001/XMLSchema-instance"
    xsi:schemaLocation="http://www.loc.gov/MARC21/slim http://www.loc.gov/standards/marcxml/schema/MARC21slim.xsd"
    xmlns="http://www.loc.gov/MARC21/slim">

  <leader>00384nam a22001577a 4500</leader>
  <controlfield tag="003">SEACOMEC</controlfield>
  <controlfield tag="005">20250920130612.0</controlfield>
  <controlfield tag="008">250920b        |||||||| |||| 00| 0 eng d</controlfield>
  <datafield tag="020" ind1=" " ind2=" ">
    <subfield code="a">978-8121905336</subfield>
    <subfield code="c">450</subfield>
  </datafield>
  <datafield tag="040" ind1=" " ind2=" ">
    <subfield code="a">SEACOMEC</subfield>
  </datafield>
  <datafield tag="082" ind1=" " ind2=" ">
    <subfield code="a">620.112</subfield>
    <subfield code="b">K45</subfield>
  </datafield>
  <datafield tag="100" ind1=" " ind2=" ">
    <subfield code="a">Khurmi, R.S</subfield>
  </datafield>
  <datafield tag="245" ind1=" " ind2=" ">
    <subfield code="a">Strength of Materials </subfield>
    <subfield code="c">R.S khurmi</subfield>
  </datafield>
  <datafield tag="260" ind1=" " ind2=" ">
    <subfield code="a">kolkata</subfield>
    <subfield code="b">S Chand</subfield>
    <subfield code="c">2007</subfield>
  </datafield>
  <datafield tag="942" ind1=" " ind2=" ">
    <subfield code="c">BBK</subfield>
  </datafield>
  <datafield tag="952" ind1=" " ind2=" ">
    <subfield code="0">0</subfield>
    <subfield code="1">0</subfield>
    <subfield code="2">ddc</subfield>
    <subfield code="4">0</subfield>
    <subfield code="7">0</subfield>
    <subfield code="a">SEACOMEC</subfield>
    <subfield code="b">SEACOMEC</subfield>
    <subfield code="d">2025-09-20</subfield>
    <subfield code="l">0</subfield>
    <subfield code="o">620.112 K45</subfield>
    <subfield code="p">BB2836</subfield>
    <subfield code="r">2025-09-20 13:07:38</subfield>
    <subfield code="w">2025-09-20</subfield>
    <subfield code="y">BBK</subfield>
  </datafield>
  <datafield tag="952" ind1=" " ind2=" ">
    <subfield code="0">0</subfield>
    <subfield code="1">0</subfield>
    <subfield code="2">ddc</subfield>
    <subfield code="4">0</subfield>
    <subfield code="7">0</subfield>
    <subfield code="a">SEACOMEC</subfield>
    <subfield code="b">SEACOMEC</subfield>
    <subfield code="d">2025-09-20</subfield>
    <subfield code="l">0</subfield>
    <subfield code="o">620.112 K45</subfield>
    <subfield code="p">BB2837</subfield>
    <subfield code="r">2025-09-20 13:07:38</subfield>
    <subfield code="w">2025-09-20</subfield>
    <subfield code="y">BBK</subfield>
  </datafield>
  <datafield tag="952" ind1=" " ind2=" ">
    <subfield code="0">0</subfield>
    <subfield code="1">0</subfield>
    <subfield code="2">ddc</subfield>
    <subfield code="4">0</subfield>
    <subfield code="7">0</subfield>
    <subfield code="a">SEACOMEC</subfield>
    <subfield code="b">SEACOMEC</subfield>
    <subfield code="d">2025-09-20</subfield>
    <subfield code="l">0</subfield>
    <subfield code="o">620.112 K45</subfield>
    <subfield code="p">BB2838</subfield>
    <subfield code="r">2025-09-20 13:07:38</subfield>
    <subfield code="w">2025-09-20</subfield>
    <subfield code="y">BBK</subfield>
  </datafield>
  <datafield tag="952" ind1=" " ind2=" ">
    <subfield code="0">0</subfield>
    <subfield code="1">0</subfield>
    <subfield code="2">ddc</subfield>
    <subfield code="4">0</subfield>
    <subfield code="7">0</subfield>
    <subfield code="a">SEACOMEC</subfield>
    <subfield code="b">SEACOMEC</subfield>
    <subfield code="d">2025-09-20</subfield>
    <subfield code="l">0</subfield>
    <subfield code="o">620.112 K45</subfield>
    <subfield code="p">BB2839</subfield>
    <subfield code="r">2025-09-20 13:07:38</subfield>
    <subfield code="w">2025-09-20</subfield>
    <subfield code="y">BBK</subfield>
  </datafield>
  <datafield tag="952" ind1=" " ind2=" ">
    <subfield code="0">0</subfield>
    <subfield code="1">0</subfield>
    <subfield code="2">ddc</subfield>
    <subfield code="4">0</subfield>
    <subfield code="7">0</subfield>
    <subfield code="a">SEACOMEC</subfield>
    <subfield code="b">SEACOMEC</subfield>
    <subfield code="d">2025-09-20</subfield>
    <subfield code="l">0</subfield>
    <subfield code="o">620.112 K45</subfield>
    <subfield code="p">BB2840</subfield>
    <subfield code="r">2025-09-20 13:07:38</subfield>
    <subfield code="w">2025-09-20</subfield>
    <subfield code="y">BBK</subfield>
  </datafield>
  <datafield tag="952" ind1=" " ind2=" ">
    <subfield code="0">0</subfield>
    <subfield code="1">0</subfield>
    <subfield code="2">ddc</subfield>
    <subfield code="4">0</subfield>
    <subfield code="7">0</subfield>
    <subfield code="a">SEACOMEC</subfield>
    <subfield code="b">SEACOMEC</subfield>
    <subfield code="d">2025-09-20</subfield>
    <subfield code="l">0</subfield>
    <subfield code="o">620.112 K45</subfield>
    <subfield code="p">BB2841</subfield>
    <subfield code="r">2025-09-20 13:07:38</subfield>
    <subfield code="w">2025-09-20</subfield>
    <subfield code="y">BBK</subfield>
  </datafield>
  <datafield tag="952" ind1=" " ind2=" ">
    <subfield code="0">0</subfield>
    <subfield code="1">0</subfield>
    <subfield code="2">ddc</subfield>
    <subfield code="4">0</subfield>
    <subfield code="7">0</subfield>
    <subfield code="a">SEACOMEC</subfield>
    <subfield code="b">SEACOMEC</subfield>
    <subfield code="d">2025-09-20</subfield>
    <subfield code="l">0</subfield>
    <subfield code="o">620.112 K45</subfield>
    <subfield code="p">BB2842</subfield>
    <subfield code="r">2025-09-20 13:07:38</subfield>
    <subfield code="w">2025-09-20</subfield>
    <subfield code="y">BBK</subfield>
  </datafield>
  <datafield tag="952" ind1=" " ind2=" ">
    <subfield code="0">0</subfield>
    <subfield code="1">0</subfield>
    <subfield code="2">ddc</subfield>
    <subfield code="4">0</subfield>
    <subfield code="7">0</subfield>
    <subfield code="a">SEACOMEC</subfield>
    <subfield code="b">SEACOMEC</subfield>
    <subfield code="d">2025-09-20</subfield>
    <subfield code="l">0</subfield>
    <subfield code="o">620.112 K45</subfield>
    <subfield code="p">BB2843</subfield>
    <subfield code="r">2025-09-20 13:07:38</subfield>
    <subfield code="w">2025-09-20</subfield>
    <subfield code="y">BBK</subfield>
  </datafield>
  <datafield tag="952" ind1=" " ind2=" ">
    <subfield code="0">0</subfield>
    <subfield code="1">0</subfield>
    <subfield code="2">ddc</subfield>
    <subfield code="4">0</subfield>
    <subfield code="7">0</subfield>
    <subfield code="a">SEACOMEC</subfield>
    <subfield code="b">SEACOMEC</subfield>
    <subfield code="d">2025-09-20</subfield>
    <subfield code="l">0</subfield>
    <subfield code="o">620.112 K45</subfield>
    <subfield code="p">BB2844</subfield>
    <subfield code="r">2025-09-20 13:07:38</subfield>
    <subfield code="w">2025-09-20</subfield>
    <subfield code="y">BBK</subfield>
  </datafield>
  <datafield tag="952" ind1=" " ind2=" ">
    <subfield code="0">0</subfield>
    <subfield code="1">0</subfield>
    <subfield code="2">ddc</subfield>
    <subfield code="4">0</subfield>
    <subfield code="7">0</subfield>
    <subfield code="a">SEACOMEC</subfield>
    <subfield code="b">SEACOMEC</subfield>
    <subfield code="d">2025-09-20</subfield>
    <subfield code="l">0</subfield>
    <subfield code="o">620.112 K45</subfield>
    <subfield code="p">BB2845</subfield>
    <subfield code="r">2025-09-20 13:07:38</subfield>
    <subfield code="w">2025-09-20</subfield>
    <subfield code="y">BBK</subfield>
  </datafield>
  <datafield tag="952" ind1=" " ind2=" ">
    <subfield code="0">0</subfield>
    <subfield code="1">0</subfield>
    <subfield code="2">ddc</subfield>
    <subfield code="4">0</subfield>
    <subfield code="7">0</subfield>
    <subfield code="a">SEACOMEC</subfield>
    <subfield code="b">SEACOMEC</subfield>
    <subfield code="d">2025-09-20</subfield>
    <subfield code="l">0</subfield>
    <subfield code="o">620.112 K45</subfield>
    <subfield code="p">BB2846</subfield>
    <subfield code="r">2025-09-20 13:07:38</subfield>
    <subfield code="w">2025-09-20</subfield>
    <subfield code="y">BBK</subfield>
  </datafield>
  <datafield tag="952" ind1=" " ind2=" ">
    <subfield code="0">0</subfield>
    <subfield code="1">0</subfield>
    <subfield code="2">ddc</subfield>
    <subfield code="4">0</subfield>
    <subfield code="7">0</subfield>
    <subfield code="a">SEACOMEC</subfield>
    <subfield code="b">SEACOMEC</subfield>
    <subfield code="d">2025-09-20</subfield>
    <subfield code="l">0</subfield>
    <subfield code="o">620.112 K45</subfield>
    <subfield code="p">BB2847</subfield>
    <subfield code="r">2025-09-20 13:07:38</subfield>
    <subfield code="w">2025-09-20</subfield>
    <subfield code="y">BBK</subfield>
  </datafield>
  <datafield tag="952" ind1=" " ind2=" ">
    <subfield code="0">0</subfield>
    <subfield code="1">0</subfield>
    <subfield code="2">ddc</subfield>
    <subfield code="4">0</subfield>
    <subfield code="7">0</subfield>
    <subfield code="a">SEACOMEC</subfield>
    <subfield code="b">SEACOMEC</subfield>
    <subfield code="d">2025-09-20</subfield>
    <subfield code="l">0</subfield>
    <subfield code="o">620.112 K45</subfield>
    <subfield code="p">BB2848</subfield>
    <subfield code="r">2025-09-20 13:07:38</subfield>
    <subfield code="w">2025-09-20</subfield>
    <subfield code="y">BBK</subfield>
  </datafield>
  <datafield tag="952" ind1=" " ind2=" ">
    <subfield code="0">0</subfield>
    <subfield code="1">0</subfield>
    <subfield code="2">ddc</subfield>
    <subfield code="4">0</subfield>
    <subfield code="7">0</subfield>
    <subfield code="a">SEACOMEC</subfield>
    <subfield code="b">SEACOMEC</subfield>
    <subfield code="d">2025-09-20</subfield>
    <subfield code="l">0</subfield>
    <subfield code="o">620.112 K45</subfield>
    <subfield code="p">BB2849</subfield>
    <subfield code="r">2025-09-20 13:07:38</subfield>
    <subfield code="w">2025-09-20</subfield>
    <subfield code="y">BBK</subfield>
  </datafield>
  <datafield tag="952" ind1=" " ind2=" ">
    <subfield code="0">0</subfield>
    <subfield code="1">0</subfield>
    <subfield code="2">ddc</subfield>
    <subfield code="4">0</subfield>
    <subfield code="7">0</subfield>
    <subfield code="a">SEACOMEC</subfield>
    <subfield code="b">SEACOMEC</subfield>
    <subfield code="d">2025-09-20</subfield>
    <subfield code="l">0</subfield>
    <subfield code="o">620.112 K45</subfield>
    <subfield code="p">BB2850</subfield>
    <subfield code="r">2025-09-20 13:07:38</subfield>
    <subfield code="w">2025-09-20</subfield>
    <subfield code="y">BBK</subfield>
  </datafield>
  <datafield tag="952" ind1=" " ind2=" ">
    <subfield code="0">0</subfield>
    <subfield code="1">0</subfield>
    <subfield code="2">ddc</subfield>
    <subfield code="4">0</subfield>
    <subfield code="7">0</subfield>
    <subfield code="a">SEACOMEC</subfield>
    <subfield code="b">SEACOMEC</subfield>
    <subfield code="d">2025-09-20</subfield>
    <subfield code="l">0</subfield>
    <subfield code="o">620.112 K45</subfield>
    <subfield code="p">BB2851</subfield>
    <subfield code="r">2025-09-20 13:07:38</subfield>
    <subfield code="w">2025-09-20</subfield>
    <subfield code="y">BBK</subfield>
  </datafield>
  <datafield tag="952" ind1=" " ind2=" ">
    <subfield code="0">0</subfield>
    <subfield code="1">0</subfield>
    <subfield code="2">ddc</subfield>
    <subfield code="4">0</subfield>
    <subfield code="7">0</subfield>
    <subfield code="a">SEACOMEC</subfield>
    <subfield code="b">SEACOMEC</subfield>
    <subfield code="d">2025-09-20</subfield>
    <subfield code="l">0</subfield>
    <subfield code="o">620.112 K45</subfield>
    <subfield code="p">BB2852</subfield>
    <subfield code="r">2025-09-20 13:07:38</subfield>
    <subfield code="w">2025-09-20</subfield>
    <subfield code="y">BBK</subfield>
  </datafield>
  <datafield tag="952" ind1=" " ind2=" ">
    <subfield code="0">0</subfield>
    <subfield code="1">0</subfield>
    <subfield code="2">ddc</subfield>
    <subfield code="4">0</subfield>
    <subfield code="7">0</subfield>
    <subfield code="a">SEACOMEC</subfield>
    <subfield code="b">SEACOMEC</subfield>
    <subfield code="d">2025-09-20</subfield>
    <subfield code="l">0</subfield>
    <subfield code="o">620.112 K45</subfield>
    <subfield code="p">BB2853</subfield>
    <subfield code="r">2025-09-20 13:07:38</subfield>
    <subfield code="w">2025-09-20</subfield>
    <subfield code="y">BBK</subfield>
  </datafield>
  <datafield tag="952" ind1=" " ind2=" ">
    <subfield code="0">0</subfield>
    <subfield code="1">0</subfield>
    <subfield code="2">ddc</subfield>
    <subfield code="4">0</subfield>
    <subfield code="7">0</subfield>
    <subfield code="a">SEACOMEC</subfield>
    <subfield code="b">SEACOMEC</subfield>
    <subfield code="d">2025-09-20</subfield>
    <subfield code="l">0</subfield>
    <subfield code="o">620.112 K45</subfield>
    <subfield code="p">BB2854</subfield>
    <subfield code="r">2025-09-20 13:07:38</subfield>
    <subfield code="w">2025-09-20</subfield>
    <subfield code="y">BBK</subfield>
  </datafield>
  <datafield tag="952" ind1=" " ind2=" ">
    <subfield code="0">0</subfield>
    <subfield code="1">0</subfield>
    <subfield code="2">ddc</subfield>
    <subfield code="4">0</subfield>
    <subfield code="7">0</subfield>
    <subfield code="a">SEACOMEC</subfield>
    <subfield code="b">SEACOMEC</subfield>
    <subfield code="d">2025-09-20</subfield>
    <subfield code="l">0</subfield>
    <subfield code="o">620.112 K45</subfield>
    <subfield code="p">BB2855</subfield>
    <subfield code="r">2025-09-20 13:07:38</subfield>
    <subfield code="w">2025-09-20</subfield>
    <subfield code="y">BBK</subfield>
  </datafield>
  <datafield tag="952" ind1=" " ind2=" ">
    <subfield code="0">0</subfield>
    <subfield code="1">0</subfield>
    <subfield code="2">ddc</subfield>
    <subfield code="4">0</subfield>
    <subfield code="7">0</subfield>
    <subfield code="a">SEACOMEC</subfield>
    <subfield code="b">SEACOMEC</subfield>
    <subfield code="d">2025-09-20</subfield>
    <subfield code="l">0</subfield>
    <subfield code="o">620.112 K45</subfield>
    <subfield code="p">BB2856</subfield>
    <subfield code="r">2025-09-20 13:07:38</subfield>
    <subfield code="w">2025-09-20</subfield>
    <subfield code="y">BBK</subfield>
  </datafield>
  <datafield tag="952" ind1=" " ind2=" ">
    <subfield code="0">0</subfield>
    <subfield code="1">0</subfield>
    <subfield code="2">ddc</subfield>
    <subfield code="4">0</subfield>
    <subfield code="7">0</subfield>
    <subfield code="a">SEACOMEC</subfield>
    <subfield code="b">SEACOMEC</subfield>
    <subfield code="d">2025-09-20</subfield>
    <subfield code="l">0</subfield>
    <subfield code="o">620.112 K45</subfield>
    <subfield code="p">BB2857</subfield>
    <subfield code="r">2025-09-20 13:07:38</subfield>
    <subfield code="w">2025-09-20</subfield>
    <subfield code="y">BBK</subfield>
  </datafield>
  <datafield tag="952" ind1=" " ind2=" ">
    <subfield code="0">0</subfield>
    <subfield code="1">0</subfield>
    <subfield code="2">ddc</subfield>
    <subfield code="4">0</subfield>
    <subfield code="7">0</subfield>
    <subfield code="a">SEACOMEC</subfield>
    <subfield code="b">SEACOMEC</subfield>
    <subfield code="d">2025-09-20</subfield>
    <subfield code="l">0</subfield>
    <subfield code="o">620.112 K45</subfield>
    <subfield code="p">BB2858</subfield>
    <subfield code="r">2025-09-20 13:07:38</subfield>
    <subfield code="w">2025-09-20</subfield>
    <subfield code="y">BBK</subfield>
  </datafield>
  <datafield tag="952" ind1=" " ind2=" ">
    <subfield code="0">0</subfield>
    <subfield code="1">0</subfield>
    <subfield code="2">ddc</subfield>
    <subfield code="4">0</subfield>
    <subfield code="7">0</subfield>
    <subfield code="a">SEACOMEC</subfield>
    <subfield code="b">SEACOMEC</subfield>
    <subfield code="d">2025-09-20</subfield>
    <subfield code="l">0</subfield>
    <subfield code="o">620.112 K45</subfield>
    <subfield code="p">BB2859</subfield>
    <subfield code="r">2025-09-20 13:07:38</subfield>
    <subfield code="w">2025-09-20</subfield>
    <subfield code="y">BBK</subfield>
  </datafield>
  <datafield tag="952" ind1=" " ind2=" ">
    <subfield code="0">0</subfield>
    <subfield code="1">0</subfield>
    <subfield code="2">ddc</subfield>
    <subfield code="4">0</subfield>
    <subfield code="7">0</subfield>
    <subfield code="a">SEACOMEC</subfield>
    <subfield code="b">SEACOMEC</subfield>
    <subfield code="d">2025-09-20</subfield>
    <subfield code="l">0</subfield>
    <subfield code="o">620.112 K45</subfield>
    <subfield code="p">BB2860</subfield>
    <subfield code="r">2025-09-20 13:07:38</subfield>
    <subfield code="w">2025-09-20</subfield>
    <subfield code="y">BBK</subfield>
  </datafield>
  <datafield tag="952" ind1=" " ind2=" ">
    <subfield code="0">0</subfield>
    <subfield code="1">0</subfield>
    <subfield code="2">ddc</subfield>
    <subfield code="4">0</subfield>
    <subfield code="7">0</subfield>
    <subfield code="a">SEACOMEC</subfield>
    <subfield code="b">SEACOMEC</subfield>
    <subfield code="d">2025-09-20</subfield>
    <subfield code="l">0</subfield>
    <subfield code="o">620.112 K45</subfield>
    <subfield code="p">BB2861</subfield>
    <subfield code="r">2025-09-20 13:07:38</subfield>
    <subfield code="w">2025-09-20</subfield>
    <subfield code="y">BBK</subfield>
  </datafield>
  <datafield tag="952" ind1=" " ind2=" ">
    <subfield code="0">0</subfield>
    <subfield code="1">0</subfield>
    <subfield code="2">ddc</subfield>
    <subfield code="4">0</subfield>
    <subfield code="7">0</subfield>
    <subfield code="a">SEACOMEC</subfield>
    <subfield code="b">SEACOMEC</subfield>
    <subfield code="d">2025-09-20</subfield>
    <subfield code="l">0</subfield>
    <subfield code="o">620.112 K45</subfield>
    <subfield code="p">BB2862</subfield>
    <subfield code="r">2025-09-20 13:07:38</subfield>
    <subfield code="w">2025-09-20</subfield>
    <subfield code="y">BBK</subfield>
  </datafield>
  <datafield tag="952" ind1=" " ind2=" ">
    <subfield code="0">0</subfield>
    <subfield code="1">0</subfield>
    <subfield code="2">ddc</subfield>
    <subfield code="4">0</subfield>
    <subfield code="7">0</subfield>
    <subfield code="a">SEACOMEC</subfield>
    <subfield code="b">SEACOMEC</subfield>
    <subfield code="d">2025-09-20</subfield>
    <subfield code="l">0</subfield>
    <subfield code="o">620.112 K45</subfield>
    <subfield code="p">BB2863</subfield>
    <subfield code="r">2025-09-20 13:07:38</subfield>
    <subfield code="w">2025-09-20</subfield>
    <subfield code="y">BBK</subfield>
  </datafield>
  <datafield tag="952" ind1=" " ind2=" ">
    <subfield code="0">0</subfield>
    <subfield code="1">0</subfield>
    <subfield code="2">ddc</subfield>
    <subfield code="4">0</subfield>
    <subfield code="7">0</subfield>
    <subfield code="a">SEACOMEC</subfield>
    <subfield code="b">SEACOMEC</subfield>
    <subfield code="d">2025-09-20</subfield>
    <subfield code="l">0</subfield>
    <subfield code="o">620.112 K45</subfield>
    <subfield code="p">BB2864</subfield>
    <subfield code="r">2025-09-20 13:07:38</subfield>
    <subfield code="w">2025-09-20</subfield>
    <subfield code="y">BBK</subfield>
  </datafield>
  <datafield tag="952" ind1=" " ind2=" ">
    <subfield code="0">0</subfield>
    <subfield code="1">0</subfield>
    <subfield code="2">ddc</subfield>
    <subfield code="4">0</subfield>
    <subfield code="7">0</subfield>
    <subfield code="a">SEACOMEC</subfield>
    <subfield code="b">SEACOMEC</subfield>
    <subfield code="d">2025-09-20</subfield>
    <subfield code="l">0</subfield>
    <subfield code="o">620.112 K45</subfield>
    <subfield code="p">BB2865</subfield>
    <subfield code="r">2025-09-20 13:07:38</subfield>
    <subfield code="w">2025-09-20</subfield>
    <subfield code="y">BBK</subfield>
  </datafield>
  <datafield tag="952" ind1=" " ind2=" ">
    <subfield code="0">0</subfield>
    <subfield code="1">0</subfield>
    <subfield code="2">ddc</subfield>
    <subfield code="4">0</subfield>
    <subfield code="7">0</subfield>
    <subfield code="a">SEACOMEC</subfield>
    <subfield code="b">SEACOMEC</subfield>
    <subfield code="d">2025-09-20</subfield>
    <subfield code="l">0</subfield>
    <subfield code="o">620.112 K45</subfield>
    <subfield code="p">BB2866</subfield>
    <subfield code="r">2025-09-20 13:07:38</subfield>
    <subfield code="w">2025-09-20</subfield>
    <subfield code="y">BBK</subfield>
  </datafield>
  <datafield tag="952" ind1=" " ind2=" ">
    <subfield code="0">0</subfield>
    <subfield code="1">0</subfield>
    <subfield code="2">ddc</subfield>
    <subfield code="4">0</subfield>
    <subfield code="7">0</subfield>
    <subfield code="a">SEACOMEC</subfield>
    <subfield code="b">SEACOMEC</subfield>
    <subfield code="d">2025-09-20</subfield>
    <subfield code="l">0</subfield>
    <subfield code="o">620.112 K45</subfield>
    <subfield code="p">BB2867</subfield>
    <subfield code="r">2025-09-20 13:07:38</subfield>
    <subfield code="w">2025-09-20</subfield>
    <subfield code="y">BBK</subfield>
  </datafield>
  <datafield tag="952" ind1=" " ind2=" ">
    <subfield code="0">0</subfield>
    <subfield code="1">0</subfield>
    <subfield code="2">ddc</subfield>
    <subfield code="4">0</subfield>
    <subfield code="7">0</subfield>
    <subfield code="a">SEACOMEC</subfield>
    <subfield code="b">SEACOMEC</subfield>
    <subfield code="d">2025-09-20</subfield>
    <subfield code="l">0</subfield>
    <subfield code="o">620.112 K45</subfield>
    <subfield code="p">BB2868</subfield>
    <subfield code="r">2025-09-20 13:07:38</subfield>
    <subfield code="w">2025-09-20</subfield>
    <subfield code="y">BBK</subfield>
  </datafield>
  <datafield tag="952" ind1=" " ind2=" ">
    <subfield code="0">0</subfield>
    <subfield code="1">0</subfield>
    <subfield code="2">ddc</subfield>
    <subfield code="4">0</subfield>
    <subfield code="7">0</subfield>
    <subfield code="a">SEACOMEC</subfield>
    <subfield code="b">SEACOMEC</subfield>
    <subfield code="d">2025-09-20</subfield>
    <subfield code="l">0</subfield>
    <subfield code="o">620.112 K45</subfield>
    <subfield code="p">BB2869</subfield>
    <subfield code="r">2025-09-20 13:07:38</subfield>
    <subfield code="w">2025-09-20</subfield>
    <subfield code="y">BBK</subfield>
  </datafield>
  <datafield tag="952" ind1=" " ind2=" ">
    <subfield code="0">0</subfield>
    <subfield code="1">0</subfield>
    <subfield code="2">ddc</subfield>
    <subfield code="4">0</subfield>
    <subfield code="7">0</subfield>
    <subfield code="a">SEACOMEC</subfield>
    <subfield code="b">SEACOMEC</subfield>
    <subfield code="d">2025-09-20</subfield>
    <subfield code="l">0</subfield>
    <subfield code="o">620.112 K45</subfield>
    <subfield code="p">BB2870</subfield>
    <subfield code="r">2025-09-20 13:07:38</subfield>
    <subfield code="w">2025-09-20</subfield>
    <subfield code="y">BBK</subfield>
  </datafield>
  <datafield tag="952" ind1=" " ind2=" ">
    <subfield code="0">0</subfield>
    <subfield code="1">0</subfield>
    <subfield code="2">ddc</subfield>
    <subfield code="4">0</subfield>
    <subfield code="7">0</subfield>
    <subfield code="a">SEACOMEC</subfield>
    <subfield code="b">SEACOMEC</subfield>
    <subfield code="d">2025-09-20</subfield>
    <subfield code="l">0</subfield>
    <subfield code="o">620.112 K45</subfield>
    <subfield code="p">BB2871</subfield>
    <subfield code="r">2025-09-20 13:07:38</subfield>
    <subfield code="w">2025-09-20</subfield>
    <subfield code="y">BBK</subfield>
  </datafield>
  <datafield tag="952" ind1=" " ind2=" ">
    <subfield code="0">0</subfield>
    <subfield code="1">0</subfield>
    <subfield code="2">ddc</subfield>
    <subfield code="4">0</subfield>
    <subfield code="7">0</subfield>
    <subfield code="a">SEACOMEC</subfield>
    <subfield code="b">SEACOMEC</subfield>
    <subfield code="d">2025-09-20</subfield>
    <subfield code="l">0</subfield>
    <subfield code="o">620.112 K45</subfield>
    <subfield code="p">BB2872</subfield>
    <subfield code="r">2025-09-20 13:07:38</subfield>
    <subfield code="w">2025-09-20</subfield>
    <subfield code="y">BBK</subfield>
  </datafield>
  <datafield tag="952" ind1=" " ind2=" ">
    <subfield code="0">0</subfield>
    <subfield code="1">0</subfield>
    <subfield code="2">ddc</subfield>
    <subfield code="4">0</subfield>
    <subfield code="7">0</subfield>
    <subfield code="a">SEACOMEC</subfield>
    <subfield code="b">SEACOMEC</subfield>
    <subfield code="d">2025-09-20</subfield>
    <subfield code="l">0</subfield>
    <subfield code="o">620.112 K45</subfield>
    <subfield code="p">BB2873</subfield>
    <subfield code="r">2025-09-20 13:07:38</subfield>
    <subfield code="w">2025-09-20</subfield>
    <subfield code="y">BBK</subfield>
  </datafield>
  <datafield tag="952" ind1=" " ind2=" ">
    <subfield code="0">0</subfield>
    <subfield code="1">0</subfield>
    <subfield code="2">ddc</subfield>
    <subfield code="4">0</subfield>
    <subfield code="7">0</subfield>
    <subfield code="a">SEACOMEC</subfield>
    <subfield code="b">SEACOMEC</subfield>
    <subfield code="d">2025-09-20</subfield>
    <subfield code="l">0</subfield>
    <subfield code="o">620.112 K45</subfield>
    <subfield code="p">BB2874</subfield>
    <subfield code="r">2025-09-20 13:07:38</subfield>
    <subfield code="w">2025-09-20</subfield>
    <subfield code="y">BBK</subfield>
  </datafield>
  <datafield tag="952" ind1=" " ind2=" ">
    <subfield code="0">0</subfield>
    <subfield code="1">0</subfield>
    <subfield code="2">ddc</subfield>
    <subfield code="4">0</subfield>
    <subfield code="7">0</subfield>
    <subfield code="a">SEACOMEC</subfield>
    <subfield code="b">SEACOMEC</subfield>
    <subfield code="d">2025-09-20</subfield>
    <subfield code="l">0</subfield>
    <subfield code="o">620.112 K45</subfield>
    <subfield code="p">BB2875</subfield>
    <subfield code="r">2025-09-20 13:07:38</subfield>
    <subfield code="w">2025-09-20</subfield>
    <subfield code="y">BBK</subfield>
  </datafield>
  <datafield tag="952" ind1=" " ind2=" ">
    <subfield code="0">0</subfield>
    <subfield code="1">0</subfield>
    <subfield code="2">ddc</subfield>
    <subfield code="4">0</subfield>
    <subfield code="7">0</subfield>
    <subfield code="a">SEACOMEC</subfield>
    <subfield code="b">SEACOMEC</subfield>
    <subfield code="d">2025-09-20</subfield>
    <subfield code="l">0</subfield>
    <subfield code="o">620.112 K45</subfield>
    <subfield code="p">BB2876</subfield>
    <subfield code="r">2025-09-20 13:07:38</subfield>
    <subfield code="w">2025-09-20</subfield>
    <subfield code="y">BBK</subfield>
  </datafield>
  <datafield tag="952" ind1=" " ind2=" ">
    <subfield code="0">0</subfield>
    <subfield code="1">0</subfield>
    <subfield code="2">ddc</subfield>
    <subfield code="4">0</subfield>
    <subfield code="7">0</subfield>
    <subfield code="a">SEACOMEC</subfield>
    <subfield code="b">SEACOMEC</subfield>
    <subfield code="d">2025-09-20</subfield>
    <subfield code="l">0</subfield>
    <subfield code="o">620.112 K45</subfield>
    <subfield code="p">BB2877</subfield>
    <subfield code="r">2025-09-20 13:07:38</subfield>
    <subfield code="w">2025-09-20</subfield>
    <subfield code="y">BBK</subfield>
  </datafield>
  <datafield tag="952" ind1=" " ind2=" ">
    <subfield code="0">0</subfield>
    <subfield code="1">0</subfield>
    <subfield code="2">ddc</subfield>
    <subfield code="4">0</subfield>
    <subfield code="7">0</subfield>
    <subfield code="a">SEACOMEC</subfield>
    <subfield code="b">SEACOMEC</subfield>
    <subfield code="d">2025-09-20</subfield>
    <subfield code="l">0</subfield>
    <subfield code="o">620.112 K45</subfield>
    <subfield code="p">BB2878</subfield>
    <subfield code="r">2025-09-20 13:07:38</subfield>
    <subfield code="w">2025-09-20</subfield>
    <subfield code="y">BBK</subfield>
  </datafield>
  <datafield tag="952" ind1=" " ind2=" ">
    <subfield code="0">0</subfield>
    <subfield code="1">0</subfield>
    <subfield code="2">ddc</subfield>
    <subfield code="4">0</subfield>
    <subfield code="7">0</subfield>
    <subfield code="a">SEACOMEC</subfield>
    <subfield code="b">SEACOMEC</subfield>
    <subfield code="d">2025-09-20</subfield>
    <subfield code="l">0</subfield>
    <subfield code="o">620.112 K45</subfield>
    <subfield code="p">BB2879</subfield>
    <subfield code="r">2025-09-20 13:07:38</subfield>
    <subfield code="w">2025-09-20</subfield>
    <subfield code="y">BBK</subfield>
  </datafield>
  <datafield tag="952" ind1=" " ind2=" ">
    <subfield code="0">0</subfield>
    <subfield code="1">0</subfield>
    <subfield code="2">ddc</subfield>
    <subfield code="4">0</subfield>
    <subfield code="7">0</subfield>
    <subfield code="a">SEACOMEC</subfield>
    <subfield code="b">SEACOMEC</subfield>
    <subfield code="d">2025-09-20</subfield>
    <subfield code="l">0</subfield>
    <subfield code="o">620.112 K45</subfield>
    <subfield code="p">BB2880</subfield>
    <subfield code="r">2025-09-20 13:07:38</subfield>
    <subfield code="w">2025-09-20</subfield>
    <subfield code="y">BBK</subfield>
  </datafield>
  <datafield tag="999" ind1=" " ind2=" ">
    <subfield code="c">2520</subfield>
    <subfield code="d">2520</subfield>
  </datafield>
</record>
